| 000 | 00666nam a2200169 i 4500 | ||
|---|---|---|---|
| 001 | 104659 | ||
| 003 | ES-MaACL | ||
| 005 | 20230906183646.0 | ||
| 007 | t| | ||
| 008 | 051207s1961 sp ||||1| spa d | ||
| 110 | 2 |
_aEspaña. _bMinisterio de Educación Nacional. _93859 |
|
| 245 | 1 | 0 |
_aProtección escolar del Ministerio de Educación Nacional _b: (Cinco años de servicio-perspectivas). |
| 260 |
_aMadrid : _bComisaría General de Protección Escolar y Asistencia Social, _c1961. |
||
| 300 |
_a57 p., 6 gráf. pleg. ; _c19 cm. |
||
| 710 | 1 |
_aEspaña. _bComisaría General de Protección Escolar y Asistencia Social. _93634 |
|
| 852 |
_aES-MaACL _jC-24521 _bR.50694 |
||
| 999 |
_c104659 _d104659 |
||